|
|
|
|
| LEADER |
00000nam a2200000 a 4500 |
| 001 |
vtls009182131 |
| 003 |
SK-MaSNL |
| 005 |
20260301023755.0 |
| 007 |
co cg anuua |
| 008 |
080208s2007 xo a fs 100 0 slo |
| 015 |
|
|
|a SNBS2008/02-00727
|
| 020 |
|
|
|a 9788080834739 (elektronická kniha)
|
| 040 |
|
|
|a SNK
|b slo
|c SNK
|e AACR2
|
| 041 |
0 |
|
|a slo
|b eng
|
| 044 |
|
|
|a xo
|c SK
|
| 072 |
|
7 |
|a 338.3/.4
|x Hospodárske a výrobné odvetvia
|2 konspekt
|
| 080 |
|
|
|a 338.3/.4
|2 2001
|
| 080 |
|
|
|a 338.48
|2 2001
|
| 080 |
|
|
|a 332
|2 2001
|
| 080 |
|
|
|a 332.055.2
|2 2001
|
| 080 |
|
|
|a 910.4
|2 2001
|
| 080 |
|
|
|a (062.534)
|2 2001
|
| 080 |
|
|
|a (0.034.44)
|2 2001
|
| 111 |
2 |
|
|a Tvorba regionálneho produktu cestovného ruchu
|n (10. :
|d 2007 :
|c Banská Bystrica, Slovensko)
|9 111486
|
| 245 |
1 |
0 |
|a Tvorba regionálneho produktu cestovného ruchu
|h elektronický zdroj
|b X. konferencie o cestovnom ruchu : zborník prednášok z konferencie, Banská Bystrica, 23. októbra 2007
|c zostavovateľ Marian Gúčik
|
| 250 |
|
|
|a 1. vyd.
|
| 260 |
|
|
|a Banská Bystrica
|b Univerzita Mateja Bela
|c 2007
|
| 300 |
|
|
|a 1 elektronický optický disk (CD-ROM)
|b ilustr.
|c 12 cm
|
| 500 |
|
|
|a Názov z titulnej obrazovky
|
| 516 |
|
|
|a Textový dokument (zborník), 21 súborov vo formáte pdf
|
| 538 |
|
|
|a Technické požiadavky: Acrobat Reader, Microsoft Internet Explorer
|
| 650 |
0 |
7 |
|a cestovný ruch
|2 SNKPH
|9 999
|
| 650 |
0 |
7 |
|a vidiecky cestovný ruch
|2 SNKPH
|9 998
|
| 650 |
0 |
7 |
|a cestovanie
|2 SNKPH
|9 18846
|
| 650 |
0 |
7 |
|a regióny
|2 SNKPH
|9 2350
|
| 650 |
0 |
7 |
|a regionálny rozvoj
|2 SNKPH
|9 2352
|
| 655 |
|
7 |
|a zborníky konferencií
|2 SNKPH
|9 70153
|
| 655 |
|
7 |
|a CD-ROM
|2 SNKPH
|9 70236
|
| 655 |
|
7 |
|a elektronické zdroje
|2 SNKPH
|9 90954
|
| 700 |
1 |
|
|a Gúčik, Marian,
|d 1945-
|4 com
|9 198205
|
| 919 |
|
|
|a 978-80-8083-473-9
|
| 999 |
|
|
|c 569840
|d 571770
|
| 952 |
|
|
|a SNK
|b SNK
|y PREZ
|7 0
|p 17A0578261
|o snkSCDM 1739
|i snk2008/3113
|8 0
|0 0
|1 0
|4 0
|d 2008-02-08
|l 0
|r 2026-02-23 14:11:48
|w 2026-02-23
|
| 952 |
|
|
|t snkTVO 332
|a SNKMST
|b SNKMST
|y PREZ
|7 0
|p 17A0578260
|o snkSCDM 1739 D1
|i snk2008/3114
|8 0
|0 0
|1 0
|4 0
|d 2008-02-08
|l 0
|r 2025-08-12 00:00:00
|w 2026-02-23
|